The Code for Sustainable Homes simply explained (Record no. 110510)

MARC details
000 -LEADER
fixed length control field 01103cad a22002535a 4500
001 - CONTROL NUMBER
control field E149465
008 - FIXED-LENGTH DATA ELEMENTS--GENERAL INFORMATION
fixed length control field 100308s2010 xxko f 000 0 eng d
020 ## - INTERNATIONAL STANDARD BOOK NUMBER
International Standard Book Number 9781848060913
035 ## - SYSTEM CONTROL NUMBER
System control number (Sirsi) u149465
041 0# - LANGUAGE CODE
Language code of text/sound track or separate title eng
100 1# - MAIN ENTRY--PERSONAL NAME
Personal name Gaze, Christopher
245 04 - TITLE STATEMENT
Title The Code for Sustainable Homes simply explained
Remainder of title revised January 2010
Medium [electronic resource]
260 ## - PUBLICATION, DISTRIBUTION, ETC.
Place of publication, distribution, etc. Amersham
Name of publisher, distributor, etc. NHBC Foundation
Date of publication, distribution, etc. 2010
490 #0 - SERIES STATEMENT
Series statement NF
Volume/sequential designation 15
520 ## - SUMMARY, ETC.
Summary, etc. Offers advice to builders and designers on the Code for Sustainable Homes, and draws on the results of Code assessments to suggest ways in which the requirements can be implemented in the most cost-effective and practical way.
521 2# - TARGET AUDIENCE NOTE
Target audience note Advanced
651 #4 - SUBJECT ADDED ENTRY--GEOGRAPHIC NAME
Geographic name United Kingdom
Chronological subdivision
690 ## - LOCAL SUBJECT ADDED ENTRY--TOPICAL TERM (OCLC, RLIN)
Topical term or geographic name as entry element ENVIRONMENTAL AND LAND CONSULTANCY-SUSTAINABILITY
700 1# - ADDED ENTRY--PERSONAL NAME
Personal name Walker, Andrew F.
700 1# - ADDED ENTRY--PERSONAL NAME
Personal name Hodgson, Gavin
700 1# - ADDED ENTRY--PERSONAL NAME
Personal name Priaulx, Mike
856 40 - ELECTRONIC LOCATION AND ACCESS
Uniform Resource Identifier <a href="https://www.nhbcfoundation.org/Portals/0/NF15%20The%20Code%20for%20Sustainable%20Homes%20simply%20explained.pdf">https://www.nhbcfoundation.org/Portals/0/NF15%20The%20Code%20for%20Sustainable%20Homes%20simply%20explained.pdf</a>
Public note View the report free of charge (PDF file) at www.nhbcfoundation.org
942 ## - ADDED ENTRY ELEMENTS (KOHA)
Suppress in OPAC 0
Holdings
Withdrawn status Lost status Source of classification or shelving scheme Damaged status Not for loan Home library Current library Shelving location Date acquired Total Checkouts Full call number Barcode Date last seen Copy number Price effective from Koha item type
    Dewey Decimal Classification     Virtual Virtual Online 08/03/2010   ONLINE PUBLICATION 149465-2001 06/08/2019 1 06/08/2019 Book